Industrial flow measurement /
Guardado en:
| Autor Principal: | |
|---|---|
| Formato: | Libro |
| Idioma: | English |
| Publicado: |
Research Triangle Park, N.C. :
Instrument Society of America,
c1990.
|
| Series: | Resources for measurement and control series
|
| Materias: | |
| Etiquetas: |
Agregar Etiqueta
Sin Etiquetas, Sea el primero en etiquetar este registro!
|
| LEADER | 00761pam a22002175a 4500 | ||
|---|---|---|---|
| 001 | EIQ.libpla001070 | ||
| 008 | 900314s1990####ncuao####b####001#0#eng#d | ||
| 005 | 20060721192040.0 | ||
| 245 | 1 | 0 | |a Industrial flow measurement / |c David W. Spitzer. |
| 260 | |a Research Triangle Park, N.C. : |b Instrument Society of America, |c c1990. | ||
| 300 | |a xix, 441 p. : |b il., Fotos ; |c 27 cm. | ||
| 440 | 0 | |a Resources for measurement and control series | |
| 504 | |a Incluye referencias bibliográficas (p. 423) e índice. | ||
| 020 | |a 1556172435 | ||
| 100 | 1 | |a Spitzer, David W. | |
| 082 | 0 | 0 | |a 681/.2 |2 20 |
| 650 | 4 | |a Flujos |x Mediciones. | |
| 650 | 4 | |a Flow |x Measurement. | |
| 010 | |a 90004368 | ||
| 040 | |a DLC |c DLC |d AR-BbSID | ||
| 859 | |a AR-BbSID |b BIB. PLAPIQUI |h 620.004 4 |i Sp 49 |p 3973 | ||
